X Aniversario de la biblioteca popular de Viladecans
Publicado:
San Jorge, núm. 72 ( 4t trimestre 1968), pàg 74 - 75 :
MARC
| LEADER | 00000nam a2200000Ia 4500 | ||
|---|---|---|---|
| 001 | |||
| 008 | 160829s9999 xx 000 0 cat d | ||
| 245 | |a X Aniversario de la biblioteca popular de Viladecans | ||
| 260 | |a San Jorge, núm. 72 ( 4t trimestre 1968), pàg 74 - 75 | ||
| 650 | |a Biblioteca popular de Viladecans |9 40253 | ||
| 650 | |a Biblioteques |x Activitats culturals |9 46072 | ||
| 901 | |a Arxiu | ||
| 942 | |n 1 | ||
| 952 | |0 0 |1 0 |4 0 |7 1 |9 49532 |a Arxiu |b Arxiu |d 2016-12-01 |l 0 |r 2016-12-01 00:00:00 |w 2016-12-01 |y ARXIU | ||
| 999 | |c 53374 |d 53374 | ||